• 首页
  • 本馆介绍
  • 公告通知
  • 最新文献
  • 馆藏检索
  • 电子资源
  • 读者导购
  • 参考咨询
  • 我的图书馆
  • 登录
  • 详细信息显示
  • 放入我的书架
  • 预约/预借图书
  • 作者相关作品
  • 分类相关作品
  • 丛书相关作品
  • 出版社相关作品

书目信息

  • 表格格式
  • 工作单格式
  • 卡片格式
题名:
图形设计
    
 
作者: 姜竹松 , 刘蓓蓓 编著
分册:  
出版信息: 合肥   安徽美术出版社  2006
页数: 95页
开本: 25cm
丛书名: 基础设计全程教学丛书
单 册:
中图分类: J51
科图分类:
主题词: 图案--设计--教材 , 图案
电子资源:
ISBN: 7-5398-1589-2
000 00860oam2 2200265 450
001 003087392
005 20070804152329.28
010    @a7-5398-1589-2@dCNY38.00
100    @a20060215d2006 em y0chiy0110 ea
101 0  @achi
102    @aCN@b340000
105    @aa z 000yy
200 1  @a图形设计@9tu xing she ji@f姜竹松,刘蓓蓓编著
210    @a合肥@c安徽美术出版社@d2006
215    @a95页@c图@d25cm
225 2  @a基础设计全程教学丛书
330    @a本书分为三大部分,第一部分图形设计概述,包括图形的基本要素、图形的基本造型风格、图形创意;第二部分图形设计课题;第三部分图形设计应用。
461  0 @12001 @a基础设计全程教学丛书
606 0  @a图案@x设计@j教材
606 0  @a图案
690    @aJ51@v4
701  0 @a姜竹松@9jiang zhu song@f(1962~)@4编著
701  0 @a刘蓓蓓@9liu bei bei@c(女)@4编著
801  0 @aCN@bNLC@c20070804
905    @a10447@dJ51@e263
    
    图形设计/姜竹松,刘蓓蓓编著.-合肥:安徽美术出版社,2006
    95页:图;25cm.-(基础设计全程教学丛书)
    
    
    ISBN 7-5398-1589-2:CNY38.00
    本书分为三大部分,第一部分图形设计概述,包括图形的基本要素、图形的基本造型风格、图形创意;第二部分图形设计课题;第三部分图形设计应用。
●
相关链接 在E读中查询图书 在五车中查询图书 在当当中查询图书 在豆瓣中查询图书


正题名:图形设计     索取号:J51/263         预约/预借

序号 登录号 条形码 馆藏地/架位号 状态 备注
1 0803682   208036828   第一样本阅览室/ [索取号:J51/263] 在馆    
2 0803684   208036846   第一借阅区/ [索取号:J51/263] 在馆    
3 0803686   208036864   第一借阅区/ [索取号:J51/263] 在馆    
4 0803687   208036873   第一借阅区/ [索取号:J51/263] 在馆    
5 0803688   208036882   第一借阅区/ [索取号:J51/263] 在馆    
6 0803689   208036891   美术系资料室/ [索取号:J51/263] 在馆    
7 0803690   208036908   美术系资料室/ [索取号:J51/263] 在馆    
8 0803691   208036917   美术系资料室/ [索取号:J51/263] 在馆    
唐山师范学院图书馆 欢迎您!
大连网信软件有限公司© 版权所有